000 01135naa a22003257a 4500
001 BR8403887
003 BR-BrBNA
005 20240918175438.0
007 ta
008 230509b bl.||||| |||| 00| 0 por d
040 _aBR-BrBNA
_bpor
_cBiblioteca Nacional de Agricultura
041 _a(Pt)
072 _aK20
_b3000
_bG514
_bGZ72
090 _aK20 BR8403887
100 1 _aMachado, S. do A.
100 1 _aFigueiredo Filho, A.
100 1 _aRosot, N.C.
111 1 _a2. Simposio sobre Inventario Florestal
_cPiracicaba, SP (Brazil)
_d15-16 Aug 1984
245 1 _aEnumeracao completa e mapeamento das arvores: metodologia na floresta amazonica [Brasil]
260 3 _aPiracicaba, SP (Brasil):
_c1984.
500 _a2. Simposio sobre Inventario Florestal Piracicaba, SP (Brasil): 1984. p. 57-63 (BR8403887-AM)K20
650 _aARVORE FLORESTAL
650 _aINVENTARIO FLORESTAL
650 _aMAPA
650 _aFLORESTA
650 _aAMAZONIA
773 0 _t2. Simposio sobre Inventario Florestal
_wK20 BR8403887
_gPiracicaba, SP (Brasil), 1984. p. 57-63
909 _a202404
_bLucia
_c55
_dLucia Elande
942 _cAM
_2AGRIS
999 _c316774
_d316774